Normal view
MARC view
- Dos Reis, Laura L
Entry Personal Name
001 - CONTROL NUMBER
- control field: 111924
003 - CONTROL NUMBER IDENTIFIER
- control field: NUST
005 - DATE AND TIME OF LATEST TRANSACTION
- control field: 20230415102818.0
008 - FIXED-LENGTH DATA ELEMENTS
- fixed length control field: 230415|| aca||aabn | a|a d
040 ## - CATALOGING SOURCE
- Original cataloging agency: NUST
- Transcribing agency: NUST
100 ## - HEADING--PERSONAL NAME
- Personal name: Dos Reis, Laura L
670 ## - SOURCE DATA FOUND
- Source citation: Work cat.: (NUST)189245: Dos Reis, Anthony J. 111923, An introduction to programming using Java /, c2012.
